Countries by Three Subdivisions - #1 - Statistics

General Stats
  • This quiz has been taken 63 times
  • The average score is 20 of 25
Answer Stats
Subdivisions Country % Correct
Ontario, Manitoba, Nunavut Canada
100%
Bavaria, Saxony, Schleswig-Holstein Germany
100%
Scotland, Wales, Isle of Man United Kingdom
100%
New York, Georgia, Wyoming United States
98%
Queensland, Victoria, New South Wales Australia
97%
Zhejiang, Gansu, Jilin China
97%
Nordjylland, Faroe Islands, Sjælland Denmark
95%
Sinaloa, Chiapas, Tabasco Mexico
95%
Sindh, Punjab, Gilgit-Baltistan Pakistan
95%
Volgograd, Tatarstan, Udmurtia Russia
95%
Normandy, Grand Est, Corsica France
93%
Emilia-Romagna, Veneto, Sardinia Italy
93%
Aragon, Cantabria, Andalusia Spain
93%
Nagoya, Oita, Okinawa Japan
91%
Western Cape, Gauteng, Limpopo South Africa
88%
Fars, Kurdistan, Azavi Khorasan Iran
86%
Minas Gerais, Maranhão, Roraima Brazil
83%
Kherson, Zhytomyr, Rivne Ukraine
74%
Odisha, Telangana, Uttarakhand India
69%
Cross River, Kano, Oyo Nigeria
60%
Masovian, Opole, Lublin Poland
60%
La Rioja, Neuquen, Chubut Argentina
53%
Oromia, Sidama, Harari Ethiopia
48%
Van, Samsun, Konya Turkey
45%
Blagoevgrad, Ruse, Montana Bulgaria
36%
No matching quizzes found
Score Distribution
Percent of People with Each Score
Percentile by Number Answered
Your Score History
You have not taken this quiz